Manažérsle kompetencie ako základný predpoklad k tvorbe optimálnej klímy

Pedagogické zručnosti a profesionálny prístup školského manažéra/riaditeľa. Kľúčové kompetencie pedagóga a ich hlavné znaky. Technické a koncepčné zručnosti použiteľné v podmienkach školy. Vedenie, riadenie a realizácia činnosti riaditeľa školy.

Salvato in:
Dettagli Bibliografici
Autore principale: Arendášová, Alexandra
Altri autori: Tóblová, Eva
Natura: Capitolo di libro
Lingua:slovacco
Soggetti:
Tags: Aggiungi Tag
Nessun Tag, puoi essere il primo ad aggiungerne!!

MARC

LEADER 00000naa$a2200000$$$4500
001 0107620
005 20231010125106.4
041 0 |a slo 
044 |a SK 
245 1 0 |a Manažérsle kompetencie ako základný predpoklad k tvorbe optimálnej klímy  |c Alexandra Arendášová, Eva Tóblová 
520 |a Pedagogické zručnosti a profesionálny prístup školského manažéra/riaditeľa. Kľúčové kompetencie pedagóga a ich hlavné znaky. Technické a koncepčné zručnosti použiteľné v podmienkach školy. Vedenie, riadenie a realizácia činnosti riaditeľa školy. 
610 2 0 |a riaditelia 
610 2 0 |a školy 
610 2 0 |a kompetencie 
610 2 0 |a manažéri 
610 2 0 |a školstvo 
610 2 0 |a riadenie 
100 1 |a Arendášová, Alexandra 
700 1 |a Tóblová, Eva